Statistiche per Riconosci la Squadra di calcio - Quiz n°110

Clicka qui per fare il quiz!

Statistiche generali

  • Questo quiz è stato fatto 5 volte
  • Il punteggio medio è 4 su 10

Statistiche sulle risposte

IndizioRisposta% Corretto
Colori socialiRosso, blu
100%
Trofei nazionali5 Coppe dell'URSS
8 Coppe di Russia
7 Supercoppe di Russia
60%
Titoli nazionali7 Campionati sovietici
6 Campionati russi
60%
SimboliStella rossa
60%
Divisione nazionale 2023-2024Prima
40%
ConfederazioneUEFA
40%
Fondazione1911
20%
Trofei internazionali1 Coppe UEFA/Europa League
20%
Capienza Stadio30 000 posti
20%
SquadraCSKA Mosca
20%

Distribuzione punteggi

Percentile per numero di risposta

Percentuale di utenti per punteggio

I tuoi punteggi nel tempo

Non hai fatto questo quiz